Bác Hồ - Nguồn cảm hứng sáng tác bất tận! Bài 4
Sparad:
| Huvudupphovsman: | |
|---|---|
| Materialtyp: | Bok |
| Språk: | Undetermined |
| Ämnen: | |
| Länkar: | http://lrc.tdmu.edu.vn/opac/search/detail.asp?aID=2&ID=23992 |
| Taggar: |
Lägg till en tagg
Inga taggar, Lägg till första taggen!
|
| Thư viện lưu trữ: | Trung tâm Học liệu Trường Đại học Thủ Dầu Một |
|---|
| LEADER | 00726nam a2200169Ia 4500 | ||
|---|---|---|---|
| 001 | TDMU_23992 | ||
| 008 | 210410s9999 xx 000 0 und d | ||
| 082 | |a 700 | ||
| 100 | |a Quỳnh Như | ||
| 245 | 0 | |a Bác Hồ - Nguồn cảm hứng sáng tác bất tận! | |
| 245 | 0 | |c Quỳnh Như | |
| 245 | 0 | |n Bài 4 | |
| 245 | 0 | |p Họa sĩ Nguyễn Văn Quý và tác phẩm “Làm theo lời Bác†| |
| 300 | |a 2Tr | ||
| 650 | |a Về Hồ Chí Minh; Sáng tác hội họa; Họa sĩ Nguyễn Văn Quý ; Văn học & Ngôn ngữ | ||
| 856 | |u http://lrc.tdmu.edu.vn/opac/search/detail.asp?aID=2&ID=23992 | ||
| 980 | |a Trung tâm Học liệu Trường Đại học Thủ Dầu Một | ||